<?xml version="1.0" encoding="UTF-8"?><?xml-stylesheet type="text/xsl" href="static/style.xsl"?><OAI-PMH xmlns="http://www.openarchives.org/OAI/2.0/" xmlns:xsi="http://www.w3.org/2001/XMLSchema-instance" xsi:schemaLocation="http://www.openarchives.org/OAI/2.0/ http://www.openarchives.org/OAI/2.0/OAI-PMH.xsd"><responseDate>2026-06-29T01:17:59Z</responseDate><request verb="GetRecord" identifier="oai:docta.ucm.es:20.500.14352/56874" metadataPrefix="marc">https://docta.ucm.es/rest/oai/request</request><GetRecord><record><header><identifier>oai:docta.ucm.es:20.500.14352/56874</identifier><datestamp>2024-07-29T18:36:53Z</datestamp><setSpec>com_20.500.14352_14</setSpec><setSpec>col_20.500.14352_15</setSpec></header><metadata><record xmlns="http://www.loc.gov/MARC21/slim" xmlns:dcterms="http://purl.org/dc/terms/" xmlns:xsi="http://www.w3.org/2001/XMLSchema-instance" xmlns:doc="http://www.lyncode.com/xoai" xsi:schemaLocation="http://www.loc.gov/MARC21/slim http://www.loc.gov/standards/marcxml/schema/MARC21slim.xsd">
   <leader>00925njm 22002777a 4500</leader>
   <datafield ind2=" " ind1=" " tag="042">
      <subfield code="a">dc</subfield>
   </datafield>
   <datafield ind2=" " ind1=" " tag="720">
      <subfield code="a">Rodríguez García, Sergio</subfield>
      <subfield code="e">author</subfield>
   </datafield>
   <datafield ind2=" " ind1=" " tag="720">
      <subfield code="a">Sánchez-Chico, Fátima</subfield>
      <subfield code="e">author</subfield>
   </datafield>
   <datafield ind2=" " ind1=" " tag="260">
      <subfield code="c">1994</subfield>
   </datafield>
   <datafield ind2=" " ind1=" " tag="520">
      <subfield code="a">Se describe la sección del Torreón, de edad Viseense superior, que comprende margas y calizas biostróniicas. Se caracterizan los corales rugosos y las algas calcáreas
que contiene, con explicación de las variaciones que se producen en su distribución vertical y se analizan las pautas de desarrollo de los corales y algas en la bioconstrucción a partir de varios ejemplos seleccionados en distintos niveles. Se considera que los niveles correspondientes a los niveles comprendidos en la sección corresponden a una llanura arrecifal con procesos tectónicos subsidentes y episodios de tormentas.
[ABSTRACT]
The Torreón section comprising biostromal ruarís and limestones of Upper Viséan age is described. Vertical variations of Rugose corals and calcareous algae assemblages
are detailed. Building structures by corals and algae are described in basis to some selected examples from three beds. The sediments were originated in a reef-flat with
tectonic subsidence and storm events.</subfield>
   </datafield>
   <datafield ind1="8" ind2=" " tag="024">
      <subfield code="a">1132-1660</subfield>
   </datafield>
   <datafield ind1="8" ind2=" " tag="024">
      <subfield code="a">https://hdl.handle.net/20.500.14352/56874</subfield>
   </datafield>
   <datafield ind1="8" ind2=" " tag="024">
      <subfield code="a">http://revistas.ucm.es/index.php/COPA</subfield>
   </datafield>
   <datafield ind2="0" ind1="0" tag="245">
      <subfield code="a">Bioconstrucciones de corales rugososy algas calcáreas de la sección del Torreón (Viseense, Badajoz)</subfield>
   </datafield>
</record></metadata></record></GetRecord></OAI-PMH>